| 000 | 00894cam a2200265 i 4500 | ||
|---|---|---|---|
| 003 | SA-RiAUC | ||
| 005 | 20241114082108.0 | ||
| 008 | 241113s1995 ua g 00010 ara c | ||
| 020 | _a977024449<U+00D7> | ||
| 020 | _a977024449X | ||
| 040 |
_aSA-JeALM _bara _cSA-RiAUC _erda |
||
| 082 | 0 | 4 |
_a227.6 _qSA-RiAUC |
| 090 |
_a227.6 _bض ي ف |
||
| 100 | 1 |
_aضيف، شوقي، _d1910-2005 _eمؤلف. |
|
| 245 | 1 | 2 |
_aالوجيز في تفسير القرآن الكريم / _cشوقي ضيف. |
| 264 | 1 |
_aالقاهرة : _bدار المعارف، _c{ 1994 } |
|
| 300 |
_a1048 صفحة ؛ _c30 سم |
||
| 336 |
_aنص _btxt _2rdacontent _3كتاب |
||
| 337 |
_aبدون وسيط _bn _2rdamedia |
||
| 338 |
_aمجلد _bnc _2rdacarrier |
||
| 630 | 2 | 7 |
_aالقرآن _xتفاسير حديثة _2aucut |
| 730 | 2 | 2 | _aالقرآن |
| 942 |
_2ddc _cBOOK _n0 |
||
| 949 |
_aSA-JeALM _d241113 _umohamedma123 _n1 |
||
| 999 |
_c2370 _d2370 |
||